00485nam a2200169Ia 4500008004100000020002500041040001900066041001200085082002700097100001600124245006100140260004000201300001800241650001900259700001700278850002000295131103s9999 xx 000 0 und d a8185261601cRs.35.00 aLoreto College aEnglish aCHBKI/SINbLCBED/14962 aSingh, K.C. 4aThe golden pathcK.C. Singh, S.L.Kaeley and Fr.T.S.Gomes aDelhibInter University Pressc1996 a60p. c 22cm. aChildrens Book aKaeley, S.L. aLCBED/CHBKI/SIN